书目信息 |
| 题名: |
怎样请律师
|
|
| 作者: | 丁恩莹 编著 | |
| 分册: | ||
| 出版信息: | 中国矿业大学出版社 徐州 1999.07 |
|
| 页数: | 155页 | |
| 开本: | 32开 | |
| 丛书名: | ||
| 单 册: | ||
| 中图分类: | D926.5 | |
| 科图分类: | ||
| 主题词: | 法律--中国 | |
| 电子资源: | ||
| ISBN: | 7-81070-021-9 | |
| 000 | 00546nam0 2200193 45 | |
| 001 | 0009120993 | |
| 005 | 20000912152601.5 | |
| 010 | @a7-81070-021-9@d32.00元 | |
| 100 | @a20000912d1999 km y0chiy0120 ea | |
| 101 | 0 | @achi |
| 105 | @a z 000yy | |
| 200 | 1 | @a怎样请律师@AZen Yang Qing Lu Shi@f丁恩莹编著@FDing En Ying Bian Zhu |
| 210 | @a中国矿业大学出版社@c徐州@d1999.07 | |
| 215 | @a155页@d32开 | |
| 606 | 0 | @a法律@x中国 |
| 690 | @aD926.5@v3 | |
| 701 | 0 | @a丁恩莹@4编著 |
| 801 | @aCN@bPftUser@c20000912 | |
| 905 | @dD926.5@eD907@b137093-097@f5 | |
| 怎样请律师/丁恩莹编著.-中国矿业大学出版社:徐州,1999.07 |
| 155页;32开 |
| ISBN 7-81070-021-9:32.00元 |
| ● |
| 相关链接 |
|
|
|
正题名:怎样请律师
索取号:D926.5/D907
 
预约/预借
| 序号 | 登录号 | 条形码 | 馆藏地/架位号 | 状态 | 备注 |
| 1 | 137093 | 201370934 | 社科库509/509社科库 104排2列4层/ [索取号:D926.5/D907] | 在馆 | |
| 2 | 137094 | 201370943 | 社科库509/509社科库 104排2列4层/ [索取号:D926.5/D907] | 在馆 | |
| 3 | 137095 | 201370952 | 社科库509/509社科库 104排2列4层/ [索取号:D926.5/D907] | 在馆 | |
| 4 | 137096 | 201370961 | 社科库509/509社科库 104排2列4层/ [索取号:D926.5/D907] | 在馆 | |
| 5 | 137097 | 201370970 | 社科库509/509社科库 104排2列4层/ [索取号:D926.5/D907] | 在馆 |